Basic Protein and Peptide Protocols (Record no. 17054)
[ view plain ]
| 000 -LEADER | |
|---|---|
| fixed length control field | 00281nam a22001097a 4500 |
| 008 - FIXED-LENGTH DATA ELEMENTS--GENERAL INFORMATION | |
| fixed length control field | 140321t xxu||||| |||| 00| 0 eng d |
| 100 ## - MAIN ENTRY--PERSONAL NAME | |
| Personal name | John M. Walker |
| 9 (RLIN) | 804 |
| 240 ## - UNIFORM TITLE | |
| Uniform title | Methods in Molecular Biology |
| 245 ## - TITLE STATEMENT | |
| Title | Basic Protein and Peptide Protocols |
| 300 ## - PHYSICAL DESCRIPTION | |
| Extent | 490 |
| 942 ## - ADDED ENTRY ELEMENTS (KOHA) | |
| Source of classification or shelving scheme | |
| Koha item type | Book |
| Withdrawn status | Lost status | Source of classification or shelving scheme | Damaged status | Not for loan | Collection code | Permanent Location | Current Location | Date acquired | Total Checkouts | Full call number | Barcode | Date last seen | Price effective from | Koha item type |
|---|---|---|---|---|---|---|---|---|---|---|---|---|---|---|
| Atta-ur-Rahman School of Applied Biosciences (ASAB) | Atta-ur-Rahman School of Applied Biosciences (ASAB) | 03/21/2014 | 574.19 WAL | ASAB149 | 03/21/2014 | 03/21/2014 | Book | |||||||
| Atta-ur-Rahman School of Applied Biosciences (ASAB) | Atta-ur-Rahman School of Applied Biosciences (ASAB) | 03/21/2014 | 574.19 WAL | ASAB148 | 03/21/2014 | 03/21/2014 | Book | |||||||
| Atta-ur-Rahman School of Applied Biosciences (ASAB) | Atta-ur-Rahman School of Applied Biosciences (ASAB) | 03/21/2014 | 574.19 WAL | ASAB147 | 03/21/2014 | 03/21/2014 | Book | |||||||
| Atta-ur-Rahman School of Applied Biosciences (ASAB) | Atta-ur-Rahman School of Applied Biosciences (ASAB) | 03/21/2014 | 574.19 WAL | ASAB145 | 03/21/2014 | 03/21/2014 | Book | |||||||
| Atta-ur-Rahman School of Applied Biosciences (ASAB) | Atta-ur-Rahman School of Applied Biosciences (ASAB) | 03/21/2014 | 574.19 WAL | ASAB143 | 03/21/2014 | 03/21/2014 | Book |
